| 000 | 00900nam a2200217Ii 4500 | ||
|---|---|---|---|
| 003 | JO-AjNU | ||
| 008 | 230605s9999||||xx |||||||||||||| ||und|| | ||
| 017 | _a2000/9/2681 | ||
| 040 |
_aJO-AjNU _bara _erda _cJO-AjNU |
||
| 041 | _aara | ||
| 050 | 1 | 4 | _aKMM54.A9486 2001 |
| 100 | 3 |
_aتأليف الاشقر، عمر سليمان, _eauthor _945507 |
|
| 245 | 0 | 0 | _aالواضح في شرح قانون الاحوال الشخصية الاردني مع اسئلة للمناقشة وتمرينات |
| 250 | _aط2 مزيدة ومنقحة | ||
| 264 | 3 | 1 | _aعمان: دار النفائس للنشر والتوزيع،2001 |
| 300 |
_a414ص _bيحتوي على ببلوغرافيا من ص 393-ص414 |
||
| 336 |
_atext _btxt _2rdacontent |
||
| 337 |
_aunmediated _bn _2rdamedia |
||
| 338 |
_avolume _bnc _2rdacarrier |
||
| 650 | 4 |
_aاحوال شخصية - قوانين وتشريعات - الاردن _945508 |
|
| 999 |
_aA19732 _c23300 _d23300 |
||